Welcome to CU Library Online Public Access Catalogue (OPAC)

Principles of Economics/ (Record no. 39)

MARC details
000 -LEADER
fixed length control field 00620nam a22002177a 4500
005 - DATE AND TIME OF LATEST TRANSACTION
control field 20241016115923.0
008 - FIXED-LENGTH DATA ELEMENTS--GENERAL INFORMATION
fixed length control field 241016b |||||||| |||| 00| 0 eng d
020 ## - INTERNATIONAL STANDARD BOOK NUMBER
International Standard Book Number 9780273779889
050 ## - LIBRARY OF CONGRESS CALL NUMBER
Classification number HB171.5
Item number C3123 CAS
082 ## - DEWEY DECIMAL CLASSIFICATION NUMBER
Edition information 10TH ED.
100 ## - MAIN ENTRY--PERSONAL NAME
Personal name Case, Karl E.
245 ## - TITLE STATEMENT
Title Principles of Economics/
Statement of responsibility, etc. karl E. Case, Ray C. Fair & Sharon M. Oster
250 ## - EDITION STATEMENT
Edition statement 10th Ed.
260 ## - PUBLICATION, DISTRIBUTION, ETC.
Place of publication, distribution, etc. Boston
Name of publisher, distributor, etc. Person Education Limited
Date of publication, distribution, etc. 2013
300 ## - PHYSICAL DESCRIPTION
Extent 813 pages;
Other physical details ill.
Dimensions 27.5cmx21.5cm
500 ## - GENERAL NOTE
General note Includes Index
650 ## - SUBJECT ADDED ENTRY--TOPICAL TERM
Source of heading or term Economics
700 ## - ADDED ENTRY--PERSONAL NAME
Personal name Fair Ray C.
700 ## - ADDED ENTRY--PERSONAL NAME
Personal name Oster Sharon M.
942 ## - ADDED ENTRY ELEMENTS (KOHA)
Source of classification or shelving scheme Library of Congress Classification
Koha item type Books
Edition 10th Ed.
Suppress in OPAC No
999 ## -
-- 39
-- 39
Holdings
Withdrawn status Lost status Source of classification or shelving scheme Damaged status Not for loan Collection Home library Current library Shelving location Date acquired Total checkouts Full call number Barcode Date last seen Copy number Price effective from Koha item type
    Library of Congress Classification     Non-fiction Business Library (Miotso) Business Library (Miotso) General stacks 10/16/2024   HB171.5 .C3123 CAS bssm00000021 10/16/2024 1 10/16/2024 Books
    Library of Congress Classification     Non-fiction Business Library (Miotso) Business Library (Miotso) General stacks 10/16/2024   HB171.5 .C3123 CAS bssm00000022 10/16/2024 2 10/16/2024 Books
    Library of Congress Classification     Non-fiction Business Library (Miotso) Business Library (Miotso) General stacks 10/16/2024   HB171.5 .C3123 CAS bssm00000023 10/16/2024 3 10/16/2024 Books
    Library of Congress Classification     Non-fiction Graduate Library (Christ Temple) Graduate Library (Christ Temple) General stacks 03/25/2025   HB 171.5.C3123 CAS GSCT00000790 03/25/2025 1 03/25/2025 Books
    Library of Congress Classification     Non-fiction Graduate Library (Christ Temple) Graduate Library (Christ Temple) General stacks 03/25/2025   HB 171.5.C3123 CAS GSCT00000791 03/25/2025 2 03/25/2025 Books
    Library of Congress Classification     Non-fiction Undergraduate Library (Christ Temple) Undergraduate Library (Christ Temple) General stacks 05/21/2025   HB171.5.C3123 CAS ulct00002553 05/21/2025 1 05/21/2025 Books
    Library of Congress Classification     Non-fiction Undergraduate Library (Christ Temple) Undergraduate Library (Christ Temple) General stacks 05/22/2025   HB171.5.C3123 CAS ulct00002561 05/22/2025 1 05/21/2025 Books
© 2023-2024 Copyright: Central University Libraries. All Rights Reserved | Created by: Mahone Tech Office